[Event "Bundesliga 9596"]
[Site "Deutschland"]
[Date "1996.??.??"]
[Round "?.1"]
[White "Almasi, Zoltan"]
[Black "Horvath, Tamas"]
[Result "1-0"]
[WhiteElo "2630"]
[BlackElo "2425"]
[PlyCount "81"]
[EventDate "1995.10.??"]
[EventType "team"]
[EventRounds "15"]
[EventCountry "GER"]
[SourceTitle "Bundesliga 9596"]
[Source "DeepChess"]
[SourceDate "2005.01.01"]
[SourceVersion "1"]
[SourceVersionDate "2005.01.01"]
[SourceQuality "1"]
[WhiteTeam "Dresdner SC 1898"]
[BlackTeam "SV Tuebingen 1870 e.V."]
[WhiteTeamCountry "GER"]
[BlackTeamCountry "GER"]

1. e4 c5 2. Nf3 e6 3. d4 cxd4 4. Nxd4 Nf6 5. Nc3 Nc6 6. Ndb5 d6 7. Bf4 e5 8.
Bg5 a6 9. Na3 b5 10. Bxf6 gxf6 11. Nd5 f5 12. Bd3 Be6 13. O-O Bg7 14. Qh5 f4
15. c4 bxc4 16. Bxc4 Nd4 17. Rad1 O-O 18. Rd2 Kh8 19. Nc2 Rc8 20. Nxd4 Rxc4 21.
Nf5 Rxe4 22. Nde7 d5 23. f3 Re3 24. Rc1 Qb6 25. Kh1 Bxf5 26. Nxf5 d4 27. h3 Qg6
28. Qg4 h5 29. Qxg6 fxg6 30. Nd6 Bf6 31. Kg1 Be7 32. Nc4 Rc8 33. Rdd1 Rd8 34.
Kf1 e4 35. Nxe3 fxe3 36. Ke2 exf3+ 37. gxf3 Bb4 38. Rd3 Bd2 39. Rc4 Rd5 40.
Rdxd4 Rg5 41. Rd7 1-0

[Event "Bundesliga 9596"]
[Site "Deutschland"]
[Date "1996.??.??"]
[Round "?.2"]
[White "Palkovi, Jozsef"]
[Black "Teske, Henrik"]
[Result "1/2-1/2"]
[WhiteElo "2480"]
[BlackElo "2510"]
[PlyCount "144"]
[EventDate "1995.10.??"]
[EventType "team"]
[EventRounds "15"]
[EventCountry "GER"]
[SourceTitle "Bundesliga 9596"]
[Source "DeepChess"]
[SourceDate "2005.01.01"]
[SourceVersion "1"]
[SourceVersionDate "2005.01.01"]
[SourceQuality "1"]
[WhiteTeam "SV Tuebingen 1870 e.V."]
[BlackTeam "Dresdner SC 1898"]
[WhiteTeamCountry "GER"]
[BlackTeamCountry "GER"]

1. e4 c5 2. c3 b6 3. d4 Bb7 4. Bd3 Nf6 5. Nd2 cxd4 6. cxd4 Nc6 7. Ne2 e5 8. d5
Nb4 9. Bb1 Bc5 10. O-O a5 11. a3 Na6 12. Nf3 d6 13. Bd3 O-O 14. Ng3 h6 15. Nf5
Bc8 16. N3h4 Kh7 17. Ne3 Bxe3 18. Bxe3 Nc5 19. Bxc5 bxc5 20. g3 Rb8 21. Qe2 Qb6
22. Rab1 Bg4 23. Qe3 Rb7 24. f3 Bd7 25. Rf2 Qb3 26. Qe2 Rfb8 27. Bc4 Qa4 28.
Ng2 Bc8 29. Ne3 Qe8 30. Kg2 Bd7 31. g4 Ng8 32. h4 Ne7 33. h5 Qd8 34. f4 exf4
35. Rxf4 Kg8 36. Qf2 Be8 37. Bd3 Nc8 38. Nc4 Bb5 39. b3 Bxc4 40. Bxc4 Nb6 41.
Ba6 Re7 42. Rf1 Qe8 43. Qc2 Nd7 44. a4 Rb4 45. Bb5 Qd8 46. Bxd7 Qxd7 47. R1f3
Qe8 48. Re3 Rd4 49. Kf2 Rxd5 50. Qc3 Rd4 51. Qxa5 Rb4 52. Qa6 Qb8 53. Rff3 d5
54. e5 Re6 55. Qd3 d4 56. Re2 Rxe5 57. Rxe5 Qxe5 58. Qf5 Qc7 59. Qd5 Rb6 60.
Rf5 Re6 61. Kg2 Qe7 62. Rf2 Re3 63. Rf3 Re2+ 64. Rf2 Re3 65. Rf3 d3 66. Rxe3
Qxe3 67. Qa8+ Kh7 68. Qf3 Qd2+ 69. Kg3 Qe1+ 70. Kg2 Qd2+ 71. Kg3 Qe1+ 72. Kg2
Qd2+ 1/2-1/2

[Event "Bundesliga 9596"]
[Site "Deutschland"]
[Date "1996.??.??"]
[Round "?.3"]
[White "Lanka, Zigurds"]
[Black "Kraut, Rainer"]
[Result "1/2-1/2"]
[WhiteElo "2510"]
[BlackElo "2445"]
[PlyCount "99"]
[EventDate "1995.10.??"]
[EventType "team"]
[EventRounds "15"]
[EventCountry "GER"]
[SourceTitle "Bundesliga 9596"]
[Source "DeepChess"]
[SourceDate "2005.01.01"]
[SourceVersion "1"]
[SourceVersionDate "2005.01.01"]
[SourceQuality "1"]
[WhiteTeam "Dresdner SC 1898"]
[BlackTeam "SV Tuebingen 1870 e.V."]
[WhiteTeamCountry "GER"]
[BlackTeamCountry "GER"]

1. e4 c5 2. Nf3 d6 3. d4 cxd4 4. Nxd4 Nf6 5. Nc3 Nc6 6. Bg5 e6 7. Qd2 a6 8.
O-O-O Bd7 9. f3 Be7 10. h4 h6 11. Be3 Nxd4 12. Bxd4 e5 13. Be3 Be6 14. Kb1 Rc8
15. Be2 Qa5 16. a3 Rxc3 17. Qxc3 Qxc3 18. bxc3 d5 19. exd5 Nxd5 20. Bd2 Bxa3
21. Bc4 Nc7 22. Bb3 Ke7 23. Rhe1 f6 24. Ka2 Bd6 25. Kb2 Rc8 26. h5 Nb5 27. Ra1
Rc6 28. g4 Bc7 29. Ra4 Nd6 30. f4 b5 31. Raa1 a5 32. fxe5 fxe5 33. Bf4 Nf7 34.
Bg3 a4 35. Bh4+ Kd7 36. Red1+ Nd6 37. Bd5 Bxd5 38. Rxd5 Ke6 39. Rd3 Rc4 40. Rg1
Re4 41. Rg2 Nc4+ 42. Ka2 Bd6 43. Rh3 Bc5 44. g5 hxg5 45. Bxg5 Re1 46. Bh4 Rc1
47. Bg5 Rf1 48. Bh4 Rc1 49. Bg5 Rf1 50. Bh4 1/2-1/2

[Event "Bundesliga 9596"]
[Site "Deutschland"]
[Date "1996.??.??"]
[Round "?.5"]
[White "Maiwald, Jens Uwe"]
[Black "Hess, Ralf"]
[Result "1-0"]
[WhiteElo "2455"]
[BlackElo "2400"]
[PlyCount "81"]
[EventDate "1995.10.??"]
[EventType "team"]
[EventRounds "15"]
[EventCountry "GER"]
[SourceTitle "Bundesliga 9596"]
[Source "DeepChess"]
[SourceDate "2005.01.01"]
[SourceVersion "1"]
[SourceVersionDate "2005.01.01"]
[SourceQuality "1"]
[WhiteTeam "Dresdner SC 1898"]
[BlackTeam "SV Tuebingen 1870 e.V."]
[WhiteTeamCountry "GER"]
[BlackTeamCountry "GER"]

1. e4 e5 2. Nf3 Nc6 3. c3 f5 4. d4 fxe4 5. Nxe5 Nf6 6. Bg5 d6 7. Nc4 Bf5 8. Qb3
Be7 9. Qxb7 Bd7 10. Qb3 Rb8 11. Qc2 O-O 12. Be2 Qe8 13. Nbd2 d5 14. Ne3 Qg6 15.
Bf4 Be6 16. Bg3 Nh5 17. Bxh5 Qxh5 18. O-O Qe8 19. f3 exf3 20. Nxf3 Qd7 21. b4
a5 22. a3 Bf7 23. Qb3 Bf6 24. h3 Be6 25. Qa2 Rbe8 26. Rae1 a4 27. Qc2 Na7 28.
Be5 Bd8 29. Rc1 Be7 30. Bg3 Bf6 31. Ne5 Bxe5 32. Bxe5 Nc6 33. Qd2 Na7 34. Qc2
Nc6 35. Rce1 Nxe5 36. dxe5 d4 37. Rd1 Bb3 38. Rxf8+ Rxf8 39. Rxd4 Qxd4 40. cxd4
Bxc2 41. Nxc2 $138 1-0

[Event "Bundesliga 9596"]
[Site "Deutschland"]
[Date "1996.??.??"]
[Round "?.6"]
[White "Werner, Marc"]
[Black "Borriss, Martin"]
[Result "0-1"]
[WhiteElo "2365"]
[BlackElo "2405"]
[PlyCount "68"]
[EventDate "1995.10.??"]
[EventType "team"]
[EventRounds "15"]
[EventCountry "GER"]
[SourceTitle "Bundesliga 9596"]
[Source "DeepChess"]
[SourceDate "2005.01.01"]
[SourceVersion "1"]
[SourceVersionDate "2005.01.01"]
[SourceQuality "1"]
[WhiteTeam "SV Tuebingen 1870 e.V."]
[BlackTeam "Dresdner SC 1898"]
[WhiteTeamCountry "GER"]
[BlackTeamCountry "GER"]

1. e4 c5 2. Nf3 d6 3. d4 cxd4 4. Nxd4 Nf6 5. Nc3 a6 6. Be3 e6 7. f4 Qc7 8. Qf3
b5 9. a3 Bb7 10. g4 h6 11. h4 g6 12. O-O-O h5 13. g5 Ng4 14. Bg1 Nd7 15. Bg2
Rc8 16. Rh3 Bg7 17. Qe2 O-O 18. f5 Rfe8 19. fxg6 fxg6 20. Rg3 Nde5 21. Qe1 Qe7
22. Nce2 Rf8 23. Rc3 Nc4 24. b3 Nxa3 25. Rxc8 Rxc8 26. Qb4 e5 27. Qxa3 exd4 28.
Bxd4 Bxe4 29. Bxe4 Qxe4 30. Rd2 Ne3 31. Bxe3 Qxe3 32. Qxd6 Rf8 33. Kb1 Rf1+ 34.
Nc1 Qc3 0-1

[Event "Bundesliga 9596"]
[Site "Deutschland"]
[Date "1996.??.??"]
[Round "?.7"]
[White "Goldberg, Alexander"]
[Black "Dutschak, Hauke"]
[Result "1/2-1/2"]
[WhiteElo "2405"]
[BlackElo "2260"]
[PlyCount "99"]
[EventDate "1995.10.??"]
[EventType "team"]
[EventRounds "15"]
[EventCountry "GER"]
[SourceTitle "Bundesliga 9596"]
[Source "DeepChess"]
[SourceDate "2005.01.01"]
[SourceVersion "1"]
[SourceVersionDate "2005.01.01"]
[SourceQuality "1"]
[WhiteTeam "Dresdner SC 1898"]
[BlackTeam "SV Tuebingen 1870 e.V."]
[WhiteTeamCountry "GER"]
[BlackTeamCountry "GER"]

1. e4 d5 2. exd5 Nf6 3. d4 Nxd5 4. Nf3 Bg4 5. h3 Bh5 6. g4 Bg6 7. Ne5 Nd7 8.
Nxg6 hxg6 9. Bg2 e6 10. O-O Bd6 11. Qf3 Qf6 12. Qxf6 N7xf6 13. c4 Nb4 14. Na3
O-O-O 15. Rd1 e5 16. Be3 exd4 17. Bxd4 a6 18. Bc3 Bc5 19. Bxb4 Bxb4 20. Nc2 Bd2
21. b4 Rhe8 22. b5 a5 23. Ne1 Bb4 24. Nd3 Bc3 25. Rac1 Bd4 26. Re1 g5 27. a4
Rxe1+ 28. Rxe1 Bc3 29. Rd1 Rd4 30. c5 Rxa4 31. Kf1 Ra1 32. Rxa1 Bxa1 33. f4
gxf4 34. Nxf4 Bd4 35. Nd5 Nxd5 36. Bxd5 f6 37. c6 b6 38. Ke2 Kd8 39. Kd3 Bf2
40. Kc4 Ke7 41. Bg8 Kd6 42. Bf7 g5 43. Kb3 Ke5 44. Bg6 Kf4 45. Bf5 Kg3 46. Ka4
Kxh3 47. Kb3 Kg3 48. Ka4 Kf4 49. Bc8 Ke5 50. Bf5 1/2-1/2

[Event "Bundesliga 9596"]
[Site "Deutschland"]
[Date "1996.??.??"]
[Round "?.8"]
[White "Von Naso, Lancelot"]
[Black "Andresen, Steffen"]
[Result "1-0"]
[WhiteElo "2095"]
[BlackElo "2350"]
[PlyCount "65"]
[EventDate "1995.10.??"]
[EventType "team"]
[EventRounds "15"]
[EventCountry "GER"]
[SourceTitle "Bundesliga 9596"]
[Source "DeepChess"]
[SourceDate "2005.01.01"]
[SourceVersion "1"]
[SourceVersionDate "2005.01.01"]
[SourceQuality "1"]
[WhiteTeam "SV Tuebingen 1870 e.V."]
[BlackTeam "Dresdner SC 1898"]
[WhiteTeamCountry "GER"]
[BlackTeamCountry "GER"]

1. f4 c5 2. Nf3 Nc6 3. g3 d5 4. Bg2 Nf6 5. O-O g6 6. d3 Bg7 7. Nc3 O-O 8. e4 d4
9. Ne2 b5 10. a4 bxa4 11. h3 Nd7 12. Rxa4 Nb6 13. Ra1 a5 14. f5 c4 15. g4 cxd3
16. cxd3 Ba6 17. e5 Nd5 18. e6 fxe6 19. Ng5 Bc8 20. Nf4 Nxf4 21. Bxf4 Ra6 22.
fxg6 hxg6 23. Qe1 Nb4 24. Qh4 Rf6 25. Qh7+ Kf8 26. Be5 Qe8 27. Ne4 Qf7 28. Rac1
Rc6 29. Bxf6 exf6 30. Rxc6 Nxc6 31. Ng5 Qe8 32. Bxc6 Qxc6 33. Rxf6+ 1-0

[Event "Bundesliga 9596"]
[Site "Deutschland"]
[Date "1995.??.??"]
[Round "?.1"]
[White "Hertneck, Gerald"]
[Black "Wahls, Matthias"]
[Result "1/2-1/2"]
[WhiteElo "2570"]
[BlackElo "2550"]
[PlyCount "129"]
[EventDate "1995.10.??"]
[EventType "team"]
[EventRounds "15"]
[EventCountry "GER"]
[SourceTitle "Bundesliga 9596"]
[Source "DeepChess"]
[SourceDate "2005.01.01"]
[SourceVersion "1"]
[SourceVersionDate "2005.01.01"]
[SourceQuality "1"]
[WhiteTeam "Muenchener SC 1836 e.V."]
[BlackTeam "Hamburger SK 1830 e.V."]
[WhiteTeamCountry "GER"]
[BlackTeamCountry "GER"]

1. d4 Nf6 2. c4 e6 3. Nf3 b6 4. g3 Ba6 5. Nbd2 Bb7 6. Bg2 c5 7. e3 Be7 8. b3
O-O 9. Bb2 d6 10. O-O Qc7 11. Qe2 Nbd7 12. e4 cxd4 13. Nxd4 Rfe8 14. a4 a6 15.
Rfe1 Bf8 16. a5 bxa5 17. Bc3 a4 18. Rxa4 d5 19. Ra2 e5 20. Nc2 Nxe4 21. Ba5 Qb8
22. cxd5 Nef6 23. Ne3 e4 24. Ra4 Nc5 25. Rd4 Qa7 26. Rd1 Rac8 27. b4 Nd3 28.
Rxd3 exd3 29. Qxd3 Rxe3 30. fxe3 Ng4 31. Re1 h5 32. d6 Bxg2 33. d7 Bb7 34. d8=Q
Rxd8 35. Qxd8 Ba8 36. Bb6 Qb7 37. e4 Nf6 38. Qc7 Qxc7 39. Bxc7 Bxb4 40. Rb1
Bxd2 41. Rb8+ Kh7 42. Rxa8 Nxe4 43. Rxa6 Bc3 44. Kg2 Bf6 45. Rc6 Ng5 46. Ba5
Ne6 47. Bc3 Bxc3 48. Rxc3 g6 49. Kf3 Kg7 50. Ke4 Nf8 51. Ke5 Nd7+ 52. Kd6 Nf6
53. Rc2 Ne4+ 54. Ke7 Nf6 55. Rc4 Ng8+ 56. Kd8 Nf6 57. h3 Nh7 58. Ke7 Nf6 59. g4
hxg4 60. hxg4 Ng8+ 61. Kd6 Nf6 62. g5 Nh7 63. Rc5 Kg8 64. Ke7 Kg7 65. Ke8
1/2-1/2

[Event "Bundesliga 9596"]
[Site "Deutschland"]
[Date "1995.??.??"]
[Round "?.2"]
[White "Ftacnik, Lubomir"]
[Black "Pezerovic, Edin"]
[Result "1-0"]
[WhiteElo "2580"]
[BlackElo "2405"]
[PlyCount "71"]
[EventDate "1995.10.??"]
[EventType "team"]
[EventRounds "15"]
[EventCountry "GER"]
[SourceTitle "Bundesliga 9596"]
[Source "DeepChess"]
[SourceDate "2005.01.01"]
[SourceVersion "1"]
[SourceVersionDate "2005.01.01"]
[SourceQuality "1"]
[WhiteTeam "Hamburger SK 1830 e.V."]
[BlackTeam "Muenchener SC 1836 e.V."]
[WhiteTeamCountry "GER"]
[BlackTeamCountry "GER"]

1. d4 Nf6 2. Nf3 e6 3. c4 Bb4+ 4. Nbd2 O-O 5. a3 Bxd2+ 6. Bxd2 b6 7. g3 Bb7 8.
Bg2 d6 9. O-O Nbd7 10. b4 Qe7 11. Qc2 Rfd8 12. Rfe1 Be4 13. Qb3 h6 14. Bc3 Nf8
15. Bf1 Ng6 16. Nd2 Bb7 17. e4 e5 18. d5 Nd7 19. a4 a5 20. bxa5 Nc5 21. Qc2
bxa5 22. Reb1 Ra7 23. Nb3 Nxb3 24. Rxb3 c5 25. Rab1 Bc8 26. Qd2 Bd7 27. Bxa5
Rda8 28. Rb8+ Rxb8 29. Rxb8+ Kh7 30. Bd8 Qe8 31. a5 f5 32. Qb2 fxe4 33. Qb6 Nf4
34. Qxa7 e3 35. fxe3 Bh3 36. Bf6 1-0

[Event "Bundesliga 9596"]
[Site "Deutschland"]
[Date "1995.??.??"]
[Round "?.3"]
[White "Ankerst, Mihael"]
[Black "Movsziszian, Karen"]
[Result "1/2-1/2"]
[WhiteElo "2310"]
[BlackElo "2440"]
[PlyCount "97"]
[EventDate "1995.10.??"]
[EventType "team"]
[EventRounds "15"]
[EventCountry "GER"]
[SourceTitle "Bundesliga 9596"]
[Source "DeepChess"]
[SourceDate "2005.01.01"]
[SourceVersion "1"]
[SourceVersionDate "2005.01.01"]
[SourceQuality "1"]
[WhiteTeam "Muenchener SC 1836 e.V."]
[BlackTeam "Hamburger SK 1830 e.V."]
[WhiteTeamCountry "GER"]
[BlackTeamCountry "GER"]

1. e4 d6 2. d4 g6 3. Nc3 Bg7 4. Be3 c6 5. h3 b5 6. Bd3 Nd7 7. Nf3 Qc7 8. O-O
Ngf6 9. Qd2 O-O 10. b4 a5 11. Rfb1 axb4 12. Rxb4 Ba6 13. Rbb1 Rfb8 14. a3 e5
15. dxe5 dxe5 16. Qe2 Bc8 17. Nd2 Bf8 18. a4 bxa4 19. Rxa4 Rxb1+ 20. Ndxb1 Rxa4
21. Nxa4 Qa5 22. Nbc3 Bb4 23. Bd2 Nf8 24. Qe1 Ne6 25. Nb2 Nh5 26. Nc4 Qc7 27.
Ne2 Bxd2 28. Qxd2 Ba6 29. Qc3 Bxc4 30. Bxc4 Nhf4 31. Nxf4 Nxf4 32. h4 Qd6 33.
g3 Qd1+ 34. Kh2 Ne2 35. Qxe5 Qg1+ 36. Kh3 Qf1+ 37. Kg4 h5+ 38. Kg5 Qxf2 39.
Bxe2 Qxe2 40. Qe8+ Kg7 41. Qe5+ Kg8 42. Kf6 Qf2+ 43. Ke7 Qa7+ 44. Kd8 c5 45. c3
c4 46. Ke8 Qb7 47. Kd8 Qa7 48. Ke8 Qb7 49. Kd8 1/2-1/2

[Event "Bundesliga 9596"]
[Site "Deutschland"]
[Date "1995.??.??"]
[Round "?.4"]
[White "Mueller, Karsten"]
[Black "Riedel, Wolfgang"]
[Result "1/2-1/2"]
[WhiteElo "2480"]
[BlackElo "2350"]
[PlyCount "82"]
[EventDate "1995.10.??"]
[EventType "team"]
[EventRounds "15"]
[EventCountry "GER"]
[SourceTitle "Bundesliga 9596"]
[Source "DeepChess"]
[SourceDate "2005.01.01"]
[SourceVersion "1"]
[SourceVersionDate "2005.01.01"]
[SourceQuality "1"]
[WhiteTeam "Hamburger SK 1830 e.V."]
[BlackTeam "Muenchener SC 1836 e.V."]
[WhiteTeamCountry "GER"]
[BlackTeamCountry "GER"]

1. e4 c5 2. Nf3 a6 3. c3 g6 4. d4 cxd4 5. cxd4 d5 6. Nc3 dxe4 7. Nxe4 Bg7 8.
Bc4 Nh6 9. Bxh6 Bxh6 10. O-O O-O 11. h3 Nd7 12. Re1 Nb6 13. Bb3 Nd5 14. Ne5 e6
15. Qf3 Bg7 16. Rad1 a5 17. a3 Ra6 18. Nc5 Ra8 19. Qg3 Ne7 20. Nxf7 Rxf7 21.
Nxe6 Bxe6 22. Bxe6 Nf5 23. Bxf7+ Kxf7 24. Qb3+ Kf8 25. Qxb7 Rb8 26. Qf3 Kg8 27.
Rd2 Nxd4 28. Qf4 Rb6 29. Re4 Rd6 30. Qe3 Kf7 31. b4 Bf6 32. Kh1 axb4 33. axb4
Kg7 34. Re8 Qc7 35. Rd1 Nf5 36. Qe2 Rxd1+ 37. Qxd1 Nd4 38. Qg4 Qc1+ 39. Kh2
Qc7+ 40. Qg3 Qd7 41. Re4 h5 1/2-1/2

[Event "Bundesliga 9596"]
[Site "Deutschland"]
[Date "1995.??.??"]
[Round "?.5"]
[White "Reich, Thomas"]
[Black "Michaelsen, Nils"]
[Result "0-1"]
[WhiteElo "2400"]
[BlackElo "2425"]
[PlyCount "122"]
[EventDate "1995.10.??"]
[EventType "team"]
[EventRounds "15"]
[EventCountry "GER"]
[SourceTitle "Bundesliga 9596"]
[Source "DeepChess"]
[SourceDate "2005.01.01"]
[SourceVersion "1"]
[SourceVersionDate "2005.01.01"]
[SourceQuality "1"]
[WhiteTeam "Muenchener SC 1836 e.V."]
[BlackTeam "Hamburger SK 1830 e.V."]
[WhiteTeamCountry "GER"]
[BlackTeamCountry "GER"]

1. e4 d5 2. exd5 Qxd5 3. Nc3 Qa5 4. d4 c6 5. Nf3 Nf6 6. Bc4 Bf5 7. Bd2 e6 8.
Nh4 Bg6 9. Nxg6 hxg6 10. Qe2 Qc7 11. h4 Nbd7 12. O-O-O O-O-O 13. Bg5 Bb4 14.
Rh3 Nb6 15. Bb3 Rd7 16. Ne4 Nxe4 17. Qxe4 Be7 18. Bf4 Qd8 19. Kb1 Nd5 20. Bh2
Bd6 21. g3 g5 22. Bg1 Bc7 23. Rh1 gxh4 24. gxh4 Ne7 25. f3 Nf5 26. Bf2 Bg3 27.
Bg1 Rxh4 28. Rxh4 Qxh4 29. c4 Qxe4+ 30. fxe4 Nd6 31. e5 Nf5 32. d5 b6 33. Rf1
c5 34. Ba4 Rd8 35. b4 cxb4 36. dxe6 fxe6 37. c5 Bxe5 38. cxb6 axb6 39. Bxb6 Rd2
40. Bb3 Kd7 41. Re1 Bc3 42. Bxe6+ Kc6 43. Bxf5 Kxb6 44. Re6+ Kc5 45. Bc2 Rg2
46. Ra6 Rf2 47. Bb3 Bf6 48. Kc1 Be5 49. Kd1 Kd4 50. Ke1 Ke3 51. Re6 Rf5 52. Bc2
Rh5 53. Kf1 Rh1+ 54. Kg2 Rh2+ 55. Kg1 Rxc2 56. Rxe5+ Kd4 57. Rb5 Kc4 58. Ra5
Rc3 59. Ra7 Ra3 60. Rc7+ Kd3 61. Rb7 Kc3 0-1

[Event "Bundesliga 9596"]
[Site "Deutschland"]
[Date "1995.??.??"]
[Round "?.6"]
[White "Maus, Soenke"]
[Black "Lentrodt, Thomas"]
[Result "1-0"]
[WhiteElo "2425"]
[BlackElo "2265"]
[PlyCount "95"]
[EventDate "1995.10.??"]
[EventType "team"]
[EventRounds "15"]
[EventCountry "GER"]
[SourceTitle "Bundesliga 9596"]
[Source "DeepChess"]
[SourceDate "2005.01.01"]
[SourceVersion "1"]
[SourceVersionDate "2005.01.01"]
[SourceQuality "1"]
[WhiteTeam "Hamburger SK 1830 e.V."]
[BlackTeam "Muenchener SC 1836 e.V."]
[WhiteTeamCountry "GER"]
[BlackTeamCountry "GER"]

1. c4 c5 2. g3 Nf6 3. Bg2 g6 4. Nc3 Nc6 5. e3 Bg7 6. Nge2 O-O 7. d4 cxd4 8.
exd4 d6 9. O-O Bf5 10. h3 h5 11. b3 Rc8 12. d5 Nb4 13. a3 Na6 14. Nd4 Qd7 15.
Nxf5 Qxf5 16. Be3 Nc5 17. Rb1 a6 18. Ne2 Qd3 19. b4 Qxd1 20. Rfxd1 Na4 21. Rdc1
Nd7 22. Nd4 Rc7 23. Bf1 Rfc8 24. b5 a5 25. Nb3 b6 26. Nd4 Bxd4 27. Bxd4 Nac5
28. Re1 Re8 29. g4 e5 30. dxe6 Rxe6 31. f4 Re4 32. Rxe4 Nxe4 33. Re1 Ndc5 34.
f5 hxg4 35. hxg4 gxf5 36. gxf5 f6 37. Bg2 Rg7 38. Kh2 Re7 39. Bxc5 Rh7+ 40. Kg1
Nxc5 41. Re8+ Kg7 42. Rb8 Rh5 43. Rxb6 Rxf5 44. Rxd6 Re5 45. b6 Re1+ 46. Kh2
Re2 47. Rd5 Ne6 48. b7 1-0

[Event "Bundesliga 9596"]
[Site "Deutschland"]
[Date "1995.??.??"]
[Round "?.7"]
[White "Schmidt, Georg"]
[Black "Heinemann, Thies"]
[Result "1/2-1/2"]
[WhiteElo "2130"]
[BlackElo "2410"]
[PlyCount "123"]
[EventDate "1995.10.??"]
[EventType "team"]
[EventRounds "15"]
[EventCountry "GER"]
[SourceTitle "Bundesliga 9596"]
[Source "DeepChess"]
[SourceDate "2005.01.01"]
[SourceVersion "1"]
[SourceVersionDate "2005.01.01"]
[SourceQuality "1"]
[WhiteTeam "Muenchener SC 1836 e.V."]
[BlackTeam "Hamburger SK 1830 e.V."]
[WhiteTeamCountry "GER"]
[BlackTeamCountry "GER"]

1. e4 c5 2. Nf3 d6 3. d4 cxd4 4. Nxd4 Nf6 5. Nc3 a6 6. Bg5 e6 7. Qd2 Be7 8. f4
Qc7 9. O-O-O Nbd7 10. Be2 Rb8 11. Bxf6 Nxf6 12. g4 b5 13. Bf3 b4 14. Nce2 Bb7
15. Ng3 d5 16. e5 Nd7 17. g5 Nc5 18. h4 Qa5 19. Kb1 Na4 20. Nb3 Qc7 21. h5 h6
22. Rhe1 Bc8 23. gxh6 gxh6 24. f5 Bh4 25. Qf4 Bg5 26. Qd4 Nb6 27. fxe6 fxe6 28.
Be2 Nd7 29. Bd3 Rf8 30. Bg6+ Ke7 31. Rf1 Rxf1 32. Rxf1 Nxe5 33. Qf2 Bd7 34. Nd4
Qd6 35. Re1 Kd8 36. Qe2 Bf6 37. Rf1 Bg7 38. Rd1 Kc7 39. Nf1 Nc6 40. Nb3 Kb7 41.
Nfd2 Nd4 42. Nxd4 Bxd4 43. Qd3 Bg7 44. Nb3 Rf8 45. Qe3 Qb6 46. Qc5 Qxc5 47.
Nxc5+ Kc6 48. Nxa6 Kb5 49. Bd3+ Ka5 50. Nc5 Bc8 51. Rg1 Rf7 52. Rg6 Re7 53. a3
bxa3 54. bxa3 Bf8 55. Rf6 Re8 56. Bg6 Be7 57. Bxe8 Bxf6 58. Bf7 Be7 59. Nxe6
Bxa3 60. Nf4 d4 61. Ne6 Bxe6 62. Bxe6 1/2-1/2

[Event "Bundesliga 9596"]
[Site "Deutschland"]
[Date "1996.??.??"]
[Round "?.3"]
[White "Unzicker, Wolfgang"]
[Black "Movsziszian, Karen"]
[Result "1-0"]
[WhiteElo "2450"]
[BlackElo "2450"]
[PlyCount "83"]
[EventDate "1995.10.??"]
[EventType "team"]
[EventRounds "15"]
[EventCountry "GER"]
[SourceTitle "Bundesliga 9596"]
[Source "DeepChess"]
[SourceDate "2005.01.01"]
[SourceVersion "1"]
[SourceVersionDate "2005.01.01"]
[SourceQuality "1"]
[WhiteTeam "PSV Turm Duisburg 1920 e.V."]
[BlackTeam "Hamburger SK 1830 e.V."]
[WhiteTeamCountry "GER"]
[BlackTeamCountry "GER"]

1. e4 c5 2. Nf3 d6 3. d4 cxd4 4. Nxd4 Nf6 5. Nc3 a6 6. Be2 e5 7. Nb3 Be7 8. O-O
O-O 9. f4 exf4 10. Bxf4 Nc6 11. Qd2 b5 12. Rad1 Ne5 13. a3 Bb7 14. Qe3 Qc7 15.
Nd4 g6 16. Bg5 Ne8 17. Bh6 Ng7 18. Qg3 Rfe8 19. Nf5 Bf8 20. Bxg7 Bxg7 21. Nxd6
Re6 22. Nxb7 Qxb7 23. Nd5 Rc8 24. c3 h5 25. Rf2 Nc4 26. Bd3 Qa7 27. Kh1 Ne5 28.
Rdf1 Rf8 29. Re2 Rd8 30. h3 Qc5 31. Bb1 Nc4 32. Ref2 Be5 33. Qg5 Rd7 34. Ba2
Qd6 35. b4 Nxa3 36. Ne3 Bg7 37. Bxe6 Qxe6 38. Qc5 Rd3 39. Rxf7 Bh6 40. Rf8+ Kh7
41. Qc7+ Bg7 42. R8f7 1-0

[Event "Bundesliga 9596"]
[Site "Deutschland"]
[Date "1996.??.??"]
[Round "?.4"]
[White "Mueller, Karsten"]
[Black "Keitlinghaus, Ludger"]
[Result "1/2-1/2"]
[WhiteElo "2485"]
[BlackElo "2475"]
[PlyCount "83"]
[EventDate "1995.10.??"]
[EventType "team"]
[EventRounds "15"]
[EventCountry "GER"]
[SourceTitle "Bundesliga 9596"]
[Source "DeepChess"]
[SourceDate "2005.01.01"]
[SourceVersion "1"]
[SourceVersionDate "2005.01.01"]
[SourceQuality "1"]
[WhiteTeam "Hamburger SK 1830 e.V."]
[BlackTeam "PSV Turm Duisburg 1920 e.V."]
[WhiteTeamCountry "GER"]
[BlackTeamCountry "GER"]

1. e4 e5 2. Nf3 Nc6 3. d4 exd4 4. Nxd4 Nge7 5. Bf4 Ng6 6. Bg3 Bc5 7. Nb3 Bb6 8.
Nc3 d6 9. Qd2 O-O 10. O-O-O a5 11. a4 Nb4 12. h4 Re8 13. Kb1 Ne5 14. h5 Be6 15.
Nd4 Bxd4 16. Qxd4 h6 17. f4 Nec6 18. Qf2 f5 19. Bh4 Qc8 20. g4 fxe4 21. f5 Bf7
22. Qf4 Re5 23. Nxe4 Qf8 24. Nc3 d5 25. Bg2 Rae8 26. Bf2 Qe7 27. Bf3 d4 28.
Bxd4 Nxd4 29. Qxd4 c6 30. Qd7 Qc5 31. Qd4 Qe7 32. Qf4 Qc5 33. Rd2 Re3 34. Ne4
Qc4 35. b3 R3xe4 36. Bxe4 Qxe4 37. Rf1 Qxf4 38. Rxf4 Nd5 39. Rfd4 Re1+ 40. Kb2
Kh7 41. c4 Nf6 42. Rd8 1/2-1/2

[Event "Bundesliga 9596"]
[Site "Deutschland"]
[Date "1996.??.??"]
[Round "?.5"]
[White "Enders, Peter"]
[Black "Michaelsen, Nils"]
[Result "1-0"]
[WhiteElo "2495"]
[BlackElo "2435"]
[PlyCount "67"]
[EventDate "1995.10.??"]
[EventType "team"]
[EventRounds "15"]
[EventCountry "GER"]
[SourceTitle "Bundesliga 9596"]
[Source "DeepChess"]
[SourceDate "2005.01.01"]
[SourceVersion "1"]
[SourceVersionDate "2005.01.01"]
[SourceQuality "1"]
[WhiteTeam "PSV Turm Duisburg 1920 e.V."]
[BlackTeam "Hamburger SK 1830 e.V."]
[WhiteTeamCountry "GER"]
[BlackTeamCountry "GER"]

1. d4 d5 2. c4 e6 3. Nc3 c5 4. cxd5 exd5 5. Nf3 Nc6 6. g3 Nf6 7. Bg2 Be7 8. O-O
O-O 9. Bg5 c4 10. e3 Be6 11. Ne5 Nd7 12. Nxd7 Qxd7 13. Bxe7 Nxe7 14. Re1 Rfd8
15. b4 b5 16. a4 a5 17. Qb1 Nc6 18. axb5 Nxb4 19. Qd1 Bf5 20. Qd2 Qb7 21. Rec1
Bd3 22. Ra4 Ra7 23. Qb2 h6 24. h4 Bf5 25. Rca1 Nc2 26. Nxd5 Rxd5 27. b6 Nxa1
28. bxa7 Qxb2 29. a8=Q+ Kh7 30. Qxd5 Bd3 31. Be4+ Bxe4 32. Qxe4+ g6 33. Rxc4
Nb3 34. Rc7 1-0